| 000 | 00387 a2200145 4500 | ||
|---|---|---|---|
| 005 | 20250625110833.0 | ||
| 020 | _a0-538-13080-6 | ||
| 082 | _a510GOS. | ||
| 100 | _aGOSSAGE. C. L. | ||
| 245 | _aBusiness Mathematics | ||
| 250 | _a2nd Ed. | ||
| 260 |
_aNew York, _bSouth- Western Cengage Publishing, _c1978. |
||
| 300 |
_aviii.; 518p.; ill, figure, table _bIndex, _c23cm. |
||
| 942 |
_2ddc _cBKS |
||
| 999 |
_c5024 _d5024 |
||